000 00538nam a2200181 4500
001 123578
003 ES-MaACL
005 20250602063227.0
007 t|
008 070214s1967 sp r ||||1| spa d
100 1 _aRahner, Karl,
_d1904-1984
_995012
245 1 0 _aHomiliario bíblico /
_cKarl Rahner ; traducción de Daniel Ruiz Bueno.
260 _aBarcelona :
_bHerder,
_c1967.
300 _a213 p. ;
_c20 cm.
700 1 _aRuiz Bueno, Daniel.
_9100677
852 _aES-MaACL
_jC-34228
_bR.65355
999 _c123578
_d123578